Decentralization Policies and Socio-Economic Development in Sub-Saharan Africa/ (Record no. 6879)
[ view plain ]
| 000 -LEADER | |
|---|---|
| fixed length control field | 00458nam a22001217a 4500 |
| 008 - FIXED-LENGTH DATA ELEMENTS--GENERAL INFORMATION | |
| fixed length control field | 200401b ||||| |||| 00| 0 eng d |
| 100 ## - MAIN ENTRY--PERSONAL NAME | |
| Personal name | Adamolekun, Ladipo.- |
| 245 ## - TITLE STATEMENT | |
| Title | Decentralization Policies and Socio-Economic Development in Sub-Saharan Africa/ |
| Statement of responsibility, etc. | Ladipo Adamolekun, Robert Robert, Mouftaou Laleye.- |
| Medium | English. |
| 260 ## - PUBLICATION, DISTRIBUTION, ETC. (IMPRINT) | |
| Place of publication, distribution, etc. | Washington, D.C.: |
| Name of publisher, distributor, etc. | The World Bank, |
| Date of publication, distribution, etc. | 1990. |
| 300 ## - PHYSICAL DESCRIPTION | |
| Extent | xi, 246p; |
| Dimensions | 28cm.- |
| 650 ## - SUBJECT ADDED ENTRY--TOPICAL TERM | |
| Source of heading or term | ECONOMIC DEVELOPMENT |
| 942 ## - ADDED ENTRY ELEMENTS (KOHA) | |
| Source of classification or shelving scheme | |
| Koha item type | BOOKS |
No items available.